| 000 | 00000nam##2200000za#4500 |
| 001 | 9.625172 |
| 003 | CaOODSP |
| 005 | 20250319161957 |
| 007 | ta |
| 008 | 150406|2000||||xxc||||| f|0| 0 fre|d |
| 020 | |a0-662-84181-6 |
| 022 | |a0701-7944 |
| 040 | |aCaOODSP|bfre |
| 043 | |an-cn--- |
| 086 | 1 |aCW69-1/102F |
| 110 | 2 |aService canadien de la faune. |
| 245 | 10|aModélisation et gestion de la population d'Oies des neiges / |cPréparé sous la direction de Hugh Boyd. |
| 260 | |aOttawa - Ontario : |bEnvironnement Canada. |c2000. |
| 300 | |a42p. : |bfigures, graphiques, références, tableaux ; |c28 cm. |
| 490 | 1 |aPublication hors série - Service canadien de la faune|x0701-7944|v102 |
| 500 | |a«Cette publication hors série est particulière en ce qu'elle comporte trois documents indépendants mais complémentaires. [L'incidence relative d'une chasse printanière sur le dynamique de la population d'Oies des neiges; L'incidence de la chasse sur la croissance de la population d 'Oies des neiges du centre du continent and L'Oies des neiges: peut-on rembourser le prêt hypothécaire?]»--Page 4. |
| 520 | 3 |aCette publication hors série est particulière en ce qu'elle comporte trois documents indépendants mais complémentaires. [L'incidence relative d'une chasse printanière sur le dynamique de la population d'Oies des neiges; L'incidence de la chasse sur la croissance de la population d 'Oies des neiges du centre du continent and L'Oies des neiges: peut-on rembourser le prêt hypothécaire?]--Page 4 |
| 563 | |aCouverture souple |
| 590 | |a00-14|b2000-04-07 |
| 691 | 07|aOiseau|2gcpds |
| 691 | 07|aChasse sportive|2gcpds |
| 691 | 07|aÉcosystème|2gcpds |
| 720 | 1 |aBoyd, Hugh |
| 776 | 0#|tModélisation et gestion de la population d'Oies des neiges / |w(CaOODSP)9.600839 |
| 830 | #0|aPublication hors-série (Service canadien de la faune)|x0701-7944|v102|w(CaOODSP)9.512900 |